Về chuột máy tính /

Spremljeno u:
Bibliografski detalji
Format: Članak
Jezik:Vietnamese
Teme:
Oznake: Dodaj oznaku
Bez oznaka, Budi prvi tko označuje ovaj zapis!
Thư viện lưu trữ: Thư viện Trường Đại học Đà Lạt
LEADER 00696nam a2200265 4500
001 DLU110119207
005 ##20110330
040 # # |a DLU  |b vie 
041 # # |a vie 
044 # # |a vn 
245 # # |a Về chuột máy tính /  |c Nguyễn Hữu An. 
653 # # |a Chuột máy tính 
653 # # |a Máy tính 
653 # # |a Phát minh 
773 # # |t Nghiên cứu con người  |g Số 2(35), 2008, tr. 77-78 
920 # # |a Phòng Tạp chí -- Trung tâm Thông tin - Thư viện Trường Đại học Đà Lạt 
994 # # |a DLU 
900 # # |a True 
911 # # |a Nguyễn Thị Linh Chi 
925 # # |a G 
926 # # |a A 
927 # # |a BB 
980 # # |a Thư viện Trường Đại học Đà Lạt